00562cam a22002051 4500001001300000003000400013005001700017008004100034010001700075035002000092040001700112042001200129050001800141100003200159245003200191260004400223300001900267500005300286999001700339ne 68003794 DLC20260227111847.0940308s1966 tu 000 0 tur  ane 68003794  a(OCoLC)29927557 aDLCcCUdDLC apremarc00aPL248.C25bB41 aÇağlar, Behçet Kemal.10aBenden içeri;bşiirler. aAnkara,bAjans-Türk Matbaasıc[1966] a420 p.c21 cm. aIncludes translations of works of foreign poets. c50827d50827